Blueprint to business : (Record no. 361325)
[ view plain ]
| 000 -LEADER | |
|---|---|
| fixed length control field | 00529nam a2200145Ia 4500 |
| 008 - FIXED-LENGTH DATA ELEMENTS--GENERAL INFORMATION | |
| fixed length control field | 190228s9999 xx 000 0 und d |
| 020 ## - INTERNATIONAL STANDARD BOOK NUMBER | |
| International Standard Book Number | 9781119424925 |
| 100 ## - MAIN ENTRY--PERSONAL NAME | |
| Personal name | Alen, Michael. |
| 245 ## - TITLE STATEMENT | |
| Statement of responsibility, etc | Michael Alden.-- |
| Title | Blueprint to business : |
| Remainder of title | an entrepeneur's guide to taking action, commiting to the grind, and doing the things that most peaople won't / |
| 260 ## - PUBLICATION, DISTRIBUTION, ETC. (IMPRINT) | |
| Place of publication, distribution, etc | New Jersey : |
| Name of publisher, distributor, etc | John Willey & Sons |
| Date of publication, distribution, etc | 2018 |
| 300 ## - PHYSICAL DESCRIPTION | |
| Extent | xii, 164 pages. |
| 500 ## - GENERAL NOTE | |
| General note | Includes indexes. |
| 650 ## - SUBJECT ADDED ENTRY--TOPICAL TERM | |
| Topical term or geographic name as entry element | Entrepreneurship. |
| 650 ## - SUBJECT ADDED ENTRY--TOPICAL TERM | |
| Topical term or geographic name as entry element | Small business. |
| Withdrawn status | Lost status | Damaged status | Home library | Current library | Shelving location | Date acquired | Source of acquisition | Total Checkouts | Full call number | Barcode | Date last seen | Price effective from | Koha item type |
|---|---|---|---|---|---|---|---|---|---|---|---|---|---|
| College Library | College Library | Reserve Section | 02/28/2019 | Library Fund | HB 615 .Al358 2018 | C21796 | 02/28/2019 | 02/28/2019 | Books |